[Event "89_| Campeonato Brasileiro 2023"]
[Site "Recife"]
[Date "2023.12.16"]
[Round "5.3"]
[White "Santiago, Yago De Moura"]
[Black "Mekhitarian, Krikor Sevag"]
[Result "0-1"]
[WhiteElo "2476"]
[BlackElo "2559"]
[PlyCount "88"]
[EventDate "2023.??.??"]
[EventCountry "BRA"]
[TimeControl "90+30"]
[WhiteClock "0:30:12"]
[BlackClock "0:02:49"]

{[%evp 14,88,22,0,9,0,0,-119,-117,-139,-135,-152,-109,-126,-132,-155,-153,-150,
-169,-203,-199,-201,-144,-135,-69,-65,-72,-86,-93,-84,7,11,68,-83,-54,-79,0,
-159,-169,-220,-220,-197,-196,-281,-254,-409,-347,-361,-354,-446,-435,-495,
-495,-515,-509,-507,-510,-487,-452,-520,-489,-663,-589,-594,-592,-862,-854,
-1864,-1841,-1433,-1317,-1204,-1104,-29987,-29988,-29988,-4039]} 1. d4 {
[%emt 0:00:00]} d5 {[%emt 0:00:00]} 2. c4 {[%emt 0:00:00]} e6 {[%emt 0:00:00]}
3. Nf3 {[%emt 0:00:00]} Nf6 {[%emt 0:00:00]} 4. Nc3 {[%emt 0:00:00]} Nbd7 {
[%emt 0:00:00]} 5. g3 {[%emt 0:00:00]} Be7 {[%emt 0:00:00]} 6. Bg2 {[%emt 0:00:
00]} O-O {[%emt 0:00:00]} 7. O-O {[%emt 0:00:00]} dxc4 {[%emt 0:00:00]} 8. e4 {
[%emt 0:00:00]} b5 {[%emt 0:00:00] E07: Closed Catalan: Main Line (5 Nf3 0-0 6
0-0 Nbd7).} 9. e5 {[%emt 0:00:00]} Nd5 {[%emt 0:00:00]} 10. Nxd5 {[%eval -119,
28] [%emt 0:00:00]} (10. Nxb5 $11 {[%eval 0,29]} h6 11. Qe2) (10. Nxb5 $11 {
[%eval 0,29] was the only way to keep the balance.} Bb7 11. Qe2) 10... exd5 $17
{[%emt 0:00:00] Black is better.Black is better.} 11. h4 {[%emt 0:00:00]} Nb6
$146 {[%emt 0:00:00]} ({Predecessor:} 11... h6 12. Nh2 Nb6 13. Be3 a5 14. f4 f5
15. exf6 Bxf6 16. Ng4 Bxg4 17. Qxg4 Qc8 {[%eval -25,25] 0-1 (52) Seeman,T 
(2398)-Kovalev,V (2674) Puhajarve 2019} (17... Re8 $17 {[%eval -128,24]} 18.
Bf2 c6)) ({Predecessor:} 11... h6 12. Nh2 Nb6 13. Be3 a5 14. f4 f5 15. exf6
Bxf6 16. Ng4 Bxg4 17. Qxg4 Qc8 {0-1 (52) Seeman,T (2398)-Kovalev,V (2674)
Puhajarve 2019}) 12. Ng5 {[%emt 0:00:00]} h6 {[%emt 0:00:00]} 13. Nh3 {[%emt 0:
00:00]} Bf5 {[%emt 0:00:00]} 14. Be3 {[%emt 0:00:00]} Qd7 {[%emt 0:00:00]} 15.
Kh2 {[%emt 0:00:00]} Rad8 {[%emt 0:00:00]} 16. Rg1 {[%eval -199,25] [%emt 0:00:
00]} (16. Qd2 $17 {[%eval -157,28]}) 16... f6 $19 {[%emt 0:00:00]} 17. f4 {
[%emt 0:00:00] [#]} Na4 {[%eval -136,26] [%emt 0:00:00]} (17... c5 $1 $19 {
[%eval -192,27][%mdl 512]} 18. Qd2 (18. dxc5 Na4) 18... Na4) 18. g4 $17 {
[%emt 0:00:00]} Bd3 {[%eval -69,26] [%emt 0:00:00]} (18... Nxb2 $2 {[%eval 166,
21][%mdl 8192] 18...Be4 -1.32} 19. Qe2 $11) (18... Be4 $17 {[%eval -149,28]}
19. g5 hxg5 $1) ({Worse is} 18... Nxb2 19. Qe2 $16) (18... Be4 $17 {[%eval
-135,29]} 19. Qe2 Bd3) 19. g5 $1 $15 {[%emt 0:00:00]} hxg5 $1 {[%emt 0:00:00]}
({Reject} 19... Nxb2 {[%eval 18,28] 19...hxg5 -0.71} 20. Qd2 $15) 20. hxg5 {
[%emt 0:00:00]} fxe5 {[%emt 0:00:00]} 21. fxe5 {[%emt 0:00:00]} Nxb2 {[%eval 7,
23] [%emt 0:00:00]} ({Better is} 21... g6 $17 {[%eval -78,28] And now ...c5
would win.} 22. Nf4 Bf5 $1 23. Bxd5+ Kg7 $1) (21... g6 $17 {[%eval -84,26]} 22.
Nf4 Nxb2) 22. Qd2 $11 {[%emt 0:00:00]} Na4 {[%eval 68,25] [%emt 0:00:00]} ({
Black should try} 22... Ba3 $1 $11 {[%eval 11,26]} 23. g6 Bxg6) 23. Nf4 $2 {
[%eval -83,26] [%emt 0:00:00] [#]} (23. g6 $1 $14 {[%eval 42,29] stays ahead.})
(23. g6 $1 $14 {[%eval 68,25] was forced to keep a grip.}) 23... Rxf4 $1 $17 {
[%emt 0:00:00]} 24. Bxf4 {[%emt 0:00:00]} Rf8 {[%eval 0,29] [%emt 0:00:00]} (
24... Qf5 $17 {[%eval -91,27] aiming for ...c3.} 25. Bh3 Qg6 $1) (24... Qf5 $17
{[%eval -79,28] aiming for ...c5.} 25. Bh3 Qg6) 25. Be3 $2 {[%eval -159,24] 
[%emt 0:00:00] [#]} (25. g6 $1 $11 {[%eval -13,26] remains equal.}) (25. g6 $11
{[%eval 0,29]}) 25... b4 $1 {[%emt 0:00:00]} 26. Bh3 {[%eval -211,25] [%emt 0:
00:00]} (26. g6 $17 {[%eval -143,29] [#] might work better.} Rf5 $1 27. Bh3)
26... Bf5 $19 {[%emt 0:00:00]} 27. Bxf5 {[%emt 0:00:00]} Qxf5 {[%emt 0:00:04]}
28. Raf1 {[%eval -281,26] [%emt 0:00:00]} (28. Qg2 $142 {[%eval -196,27]} Qh7+
29. Qh3) 28... Qh7+ {[%emt 0:00:20]} ({But not} 28... Qxf1 $2 {[%eval 634,24]
28...Qh7+ -2.77} 29. Rxf1 Rxf1 30. Qg2 $18) 29. Kg3 $2 {[%eval -409,26] [%emt
0:00:00]} (29. Kg2 {[%eval -246,27] is the only way for White.} Qe4+ 30. Kh3 $2
{[%eval -403,26]} (30. Kg3 {[%eval -213,27]} Nc3 31. Rxf8+ Kxf8 32. Re1)) (29.
Kg2 $142 {[%eval -254,27]} Qe4+ 30. Kg3) 29... Nc3 {[%emt 0:00:26]} 30. Rxf8+ {
[%emt 0:00:00]} Bxf8 {[%emt 0:00:09]} 31. Qg2 {[%emt 0:00:00]} Ne4+ {[%emt 0:
05:14]} 32. Kg4 {[%emt 0:00:00]} g6 {[%emt 0:00:21]} 33. Rh1 {[%emt 0:00:00]}
Qd7+ {[%emt 0:00:33]} 34. Kf3 {[%emt 0:00:00]} Qf5+ {[%emt 0:00:25]} 35. Bf4 {
[%emt 0:00:00]} Be7 {[%emt 0:05:03]} 36. Ke3 {[%emt 0:00:00]} Nc3 {[%emt 0:00:
41]} 37. e6 {[%emt 0:00:00]} Qxe6+ {[%emt 0:03:59]} 38. Be5 {[%emt 0:00:00]
Rh8+ is the strong threat. Black must now prevent Rh8+.} Qf5 {[%emt 0:00:06]}
39. Bf6 {[%emt 0:00:00] intending Rh8+.} Qd3+ {[%emt 0:01:03]} 40. Kf4 {
[%emt 0:00:00]} Bd6+ {[%emt 0:01:40]} 41. Kg4 {[%emt 0:00:00]} Qf5+ {[%emt 0:
00:12]} 42. Kh4 {[%emt 0:00:00]} Ne4 {[%emt 0:00:09] ( -> ...Nf2)} 43. Rf1 {
[%emt 0:00:00]} Bg3+ {[%emt 0:00:12]} 44. Qxg3 {[%emt 0:00:00]} Nxg3 {[%eval
-4039,41] [%emt 0:00:04] Accuracy: White = 38%, Black = 79%. . Accuracy: White
= 39%, Black = 80%.} (44... Qxf1 $142 {[%eval -32743,29]} 45. Qxc7 Qh1+ 46. Kg4
Qh5+ 47. Kf4 Qh2+ {[%mdl 64] Double Attack} 48. Kg4 Qxc7 49. Be5 Qd7+ 50. Kf3
Qh3+ 51. Bg3 Qxg3+ {[%mdl 64] Double Attack} 52. Ke2 Qf2+ {[%mdl 64] Double
Attack} 53. Kd1 Qd2#) 0-1

[Event "89_| Campeonato Brasileiro 2023"]
[Site "Recife"]
[Date "2023.12.16"]
[Round "5.4"]
[White "Supi, Luis Paulo"]
[Black "Souza Neves, Andrey Marcelo"]
[Result "1-0"]
[WhiteElo "2579"]
[BlackElo "2122"]
[PlyCount "99"]
[EventDate "2023.??.??"]
[EventCountry "BRA"]
[TimeControl "90+30"]
[WhiteClock "0:18:46"]
[BlackClock "0:01:53"]

{[%evp 9,99,-17,11,-5,1,0,0,0,0,0,52,7,63,67,65,67,89,91,90,13,13,-41,-43,-36,
-33,-40,-43,-40,-33,-51,-51,-53,0,0,5,7,9,11,5,8,11,0,2,0,7,0,16,0,3,-26,-3,
-58,-61,-53,-57,-97,-95,-100,-7,-13,310,310,306,306,306,300,271,239,426,416,
419,401,444,453,467,438,508,486,605,605,1075,967,821,1048,952,1040,791,721,
29974,4884,3811,597]} 1. e4 {[%emt 0:00:00]} c6 {[%emt 0:00:00]} 2. d4 {
[%emt 0:00:00]} d5 {[%emt 0:00:00]} 3. exd5 {[%emt 0:00:00]} cxd5 {[%emt 0:00:
00]} 4. Nf3 {[%emt 0:00:00]} Nc6 {[%emt 0:00:00]} 5. Nbd2 {[%emt 0:00:00]} Nf6
{[%emt 0:00:00]} 6. c3 {[%emt 0:00:00] B13: Caro-Kann: Exchange Variation and
Panov-Botvinnik Attack.} Bf5 {[%emt 0:00:00]} 7. Bb5 {[%emt 0:00:00]} a6 {
[%emt 0:00:00]} 8. Bxc6+ {[%emt 0:00:00] The position is equal.} bxc6 {[%emt 0:
00:00]} 9. Ne5 {[%emt 0:00:00]} Qb6 {[%emt 0:00:00]} 10. Qb3 {[%emt 0:00:00]}
Qb5 $146 {[%eval 63,25] [%emt 0:00:00]} (10... Qc7 $11 {[%eval 7,30]}) ({
Predecessor:} 10... Qc7 11. Qa4 Bd7 12. O-O c5 13. Nxd7 Qxd7 14. Qxd7+ Nxd7 15.
dxc5 Nxc5 16. c4 d4 {0-1 (56) Vrchotka,J (2059)-Varga,M (2180) Zalakaros 2012})
11. a4 $14 {[%emt 0:00:00]} Qxb3 {[%emt 0:00:00]} 12. Nxb3 {[%emt 0:00:00]} e6
{[%emt 0:00:00]} 13. Nxc6 {[%emt 0:00:00]} Bd6 {[%emt 0:00:00]} 14. Nc5 {
[%eval 13,28] [%emt 0:00:00]} ({White should play} 14. Nba5 $16 {[%eval 90,23]}
) 14... Rc8 $11 {[%emt 0:00:00]} 15. Nb4 {[%emt 0:00:00]} (15. Na5 {feels
hotter.} Bxc5 16. dxc5 Rxc5 17. Be3 d4 18. Nb7) 15... Bxc5 {[%emt 0:00:00]} 16.
dxc5 {[%emt 0:00:00]} a5 {[%emt 0:00:00]} (16... Rxc5 $6 17. Nxa6 Ra5 18. Nb4
$16) 17. Na2 $1 {[%emt 0:00:00]} Rxc5 {[%emt 0:00:00]} 18. Be3 {[%emt 0:00:00]}
Rc6 {[%emt 0:00:00]} 19. O-O {[%emt 0:00:00]} O-O {[%emt 0:00:00]} 20. b4 {
[%emt 0:00:00]} Ne4 {[%emt 0:00:00]} 21. Rfc1 {[%emt 0:00:00]} Ra8 {[%emt 0:00:
00] [#]} (21... Rfc8 {seems wilder.} 22. bxa5 Ra6 23. c4 dxc4 24. Bb6 Raa8) 22.
c4 $1 {[%emt 0:00:00][%mdl 512]} Rxc4 {[%emt 0:00:00]} 23. Rxc4 {[%emt 0:00:00]
} dxc4 {[%emt 0:00:00]} 24. b5 {[%emt 0:00:00]} Nf6 {[%emt 0:00:00]} 25. Nc3 {
[%emt 0:00:00]} Nd5 {[%emt 0:00:00]} 26. Bd4 {[%emt 0:00:00]} Nb4 {[%emt 0:00:
00]} 27. Bc5 {[%emt 0:00:00]} Nd5 {[%emt 0:00:00]} 28. Bd4 {[%emt 0:00:00]} Nb4
{[%emt 0:00:00]} 29. Rc1 {[%emt 0:00:00]} f6 {[%emt 0:01:34]} 30. h3 {[%emt 0:
00:00]} Bd3 {[%emt 0:02:49]} 31. Bc5 {[%emt 0:00:00]} Kf7 {[%emt 0:00:57]} 32.
Re1 {[%emt 0:00:00]} e5 {[%emt 0:02:38]} 33. f4 {[%emt 0:00:00]} Nc2 {[%eval
-7,29] [%emt 0:00:45]} (33... exf4 34. Re7+ Kg6 35. b6 $16) (33... Ke6 $1 $17 {
[%eval -100,25] White should prevent ...Nd5.} 34. fxe5 fxe5) 34. Rb1 $1 {
[%emt 0:00:00]} Nb4 $2 {[%eval 310,24] [%emt 0:05:22][%mdl 8192] [#]} ({But not
} 34... exf4 $2 35. b6 $18) (34... Ke6 $11 {[%eval -13,37] and Black stays
safe.}) 35. Rb2 $1 $18 {[%emt 0:00:00]} Ke6 {[%emt 0:01:48]} ({Much weaker is} 
35... exf4 36. Bxb4 axb4 37. Rxb4) 36. Bxb4 {[%emt 0:00:00]} axb4 {[%emt 0:00:
06]} 37. Rxb4 {[%emt 0:00:00][%mdl 4096] Endgame KRB-KRN} Kd6 {[%emt 0:00:25] .
..Kc5 is the strong threat.} (37... exf4 $2 38. b6 $18) 38. b6 {[%emt 0:00:00]
And now a5! would win.} Kc6 $2 {[%eval 426,24] [%emt 0:00:19]} ({Avoid the trap
} 38... exf4 $2 {[#]} 39. a5 $1 $18 {[%mdl 512]}) (38... Kc5 {[%eval 239,30]
was called for.} 39. Rb5+ Kc6) 39. fxe5 {[%emt 0:00:00]} fxe5 {[%emt 0:00:19] 
[#]} 40. a5 $1 {[%emt 0:00:00][%mdl 512]} Kb7 {[%emt 0:01:06]} (40... Rxa5 41.
b7) 41. Rb5 {[%emt 0:00:00]} Re8 {[%emt 0:01:22]} 42. Kf2 {[%emt 0:00:00]} e4 {
[%emt 0:00:35] White must now prevent ...e3+.} 43. Ke3 {[%emt 0:00:00]} Bf1 {
[%emt 0:00:24]} 44. Rf5 {[%emt 0:01:19]} Rd8 {[%emt 0:01:10]} 45. Rf7+ {
[%emt 0:00:18]} Kc6 {[%emt 0:00:22]} 46. Rc7+ {[%emt 0:01:37]} Kd6 {[%emt 0:00:
09]} 47. a6 {[%emt 0:00:46][%cal Ba5a6,Ba6a7][%mdl 32]} Bxg2 {[%emt 0:00:38]}
48. a7 {[%emt 0:00:18]} Rf8 {[%emt 0:00:45]} 49. Nb5+ {[%emt 0:01:17]} Kd5 {
[%emt 0:00:34]} 50. Rf7 {[%eval 597,24] [%emt 0:02:09] Accuracy: White = 77%,
Black = 55%.} (50. b7 $142 {[%eval 3811,20]} Rf3+ 51. Ke2 Bf1+ 52. Ke1) 1-0

[Event "89_| Campeonato Brasileiro 2023"]
[Site "Recife"]
[Date "2023.12.16"]
[Round "5.5"]
[White "Diamant, Andre"]
[Black "Madeira, Wagner Martins"]
[Result "1-0"]
[WhiteElo "2513"]
[BlackElo "2114"]
[PlyCount "78"]
[EventDate "2023.??.??"]
[EventCountry "BRA"]
[TimeControl "90+30"]
[WhiteClock "0:13:03"]
[BlackClock "0:02:10"]

{[%evp 17,78,20,19,28,28,23,42,-30,40,37,64,11,15,19,35,32,25,-4,13,-40,36,45,
44,38,45,42,42,25,30,31,30,26,33,24,46,37,56,53,70,56,60,8,119,118,123,112,178,
171,323,317,322,332,319,313,310,282,382,284,367,350,346,332,300]} 1. c4 {
[%emt 0:00:00]} Nf6 {[%emt 0:00:00]} 2. Nc3 {[%emt 0:00:00]} c5 {[%emt 0:00:00]
} 3. Nf3 {[%emt 0:00:00]} d5 {[%emt 0:00:00]} 4. cxd5 {[%emt 0:00:00]} Nxd5 {
[%emt 0:00:00]} 5. g3 {[%emt 0:00:00]} Nc6 {[%emt 0:00:00]} 6. Bg2 {[%emt 0:00:
00]} e5 {[%emt 0:00:00]} 7. O-O {[%emt 0:00:00]} Nc7 {[%emt 0:00:00]} 8. a3 {
[%emt 0:00:00]} f6 {[%emt 0:00:00]} 9. d3 {[%emt 0:00:00]} Be7 {[%emt 0:00:00]}
10. Be3 {[%emt 0:00:00] A34: Symmetrical English: 2 Nc3, lines with ...d5.} O-O
{[%emt 0:00:00]} 11. Rc1 {[%emt 0:00:00]} Rb8 {[%emt 0:00:00]} 12. Nd2 {
[%eval -30,28] [%emt 0:00:00]} (12. Na4 $14 {[%eval 42,28]}) 12... Ne6 $146 {
[%eval 40,23] [%emt 0:00:00]} (12... Nd4 $1 $11 {[%eval -30,28]}) ({
Predecessor:} 12... Kh8 13. b4 b6 14. Qa4 Bd7 15. Qxa7 Nd4 16. bxc5 Bxc5 17.
Bxd4 exd4 {1/2-1/2 (48) Budnikov,A (2535)-Vorontsov,N (2360) Vladivostok 1995})
13. Nd5 $14 {[%emt 0:00:00]} Ned4 {[%emt 0:00:00]} 14. Ne4 {[%emt 0:00:00]} (
14. Bxd4 $5 cxd4 15. Nxe7+ Qxe7 16. b4 $14) 14... b6 {[%emt 0:00:00]} 15. Bxd4
{[%emt 0:00:00]} Nxd4 {[%emt 0:00:00]} 16. e3 {[%emt 0:00:00]} Ne6 {[%emt 0:00:
00]} 17. Nec3 {[%emt 0:00:00]} Bd7 {[%emt 0:00:00]} 18. f4 {[%emt 0:00:00]} Bd6
{[%eval 36,29] [%emt 0:00:00]} ({Black should play} 18... exf4 $15 {[%eval -40,
29]} 19. gxf4 (19. Nxe7+ Qxe7 20. gxf4 f5 $11) 19... f5) 19. f5 {[%emt 0:00:00]
} Nc7 {[%emt 0:00:00]} 20. Nxc7 {[%emt 0:00:00]} Bxc7 {[%emt 0:00:00]} 21. Bd5+
{[%emt 0:00:00]} Kh8 {[%emt 0:00:00]} 22. a4 {[%emt 0:00:00]} a6 {[%emt 0:00:
00]} 23. e4 {[%emt 0:00:00]} b5 {[%emt 0:00:00]} 24. axb5 {[%emt 0:00:00]} axb5
{[%emt 0:00:00]} 25. Qe2 {[%emt 0:00:00]} Bb6 {[%emt 0:00:00]} 26. Kh1 {
[%emt 0:00:00]} c4 {[%emt 0:00:00]} 27. dxc4 {[%emt 0:00:00]} bxc4 {[%emt 0:00:
00]} 28. Bxc4 {[%emt 0:00:00]} Bd4 {[%emt 0:00:00]} 29. b3 {[%emt 0:00:00]
[%cal Bb2b3,Bb3b4][%mdl 32]} Qa5 {[%eval 119,25] [%emt 0:00:00]} (29... Bxc3
$11 {[%eval 8,28] remains equal.} 30. Rxc3 Bc6) 30. Nd5 $16 {[%emt 0:00:00]}
Qa3 {[%emt 0:03:33]} 31. Rc2 {[%emt 0:00:00]} Rb7 {[%eval 178,22] [%emt 0:04:
12]} (31... Qd6 $16 {[%eval 112,28]}) 32. b4 $18 {[%emt 0:00:00] Threatens to
win with Ra2.} Qa7 $2 {[%eval 323,25] [%emt 0:00:26] [#]} (32... Qa4 {[%eval
171,29] was worth a try.} 33. Ra2 Qc6) 33. Ba6 $1 {[%emt 0:00:00]} Ba4 {
[%emt 0:05:12]} 34. Bxb7 {[%emt 0:00:00]} Bxc2 {[%emt 0:00:23]} 35. Qxc2 {
[%emt 0:00:00]} Qxb7 {[%emt 0:00:07]} 36. Rc1 {[%emt 0:00:00]} h6 {[%emt 0:00:
42]} 37. Qc6 {[%emt 0:00:00]} Qa7 {[%emt 0:00:29]} 38. Kg2 {[%emt 0:04:40]} Qa3
{[%emt 0:00:44]} 39. Qc2 {[%emt 0:03:17]} Kh7 {[%emt 0:03:02] Accuracy: White
= 74%, Black = 46%.} 1-0

[Event "89_| Campeonato Brasileiro 2023"]
[Site "Recife"]
[Date "2023.12.16"]
[Round "5.6"]
[White "Molina, Roberto Junio Brito"]
[Black "Piccoli, Lucas Fonseca"]
[Result "1-0"]
[WhiteElo "2381"]
[BlackElo "2244"]
[PlyCount "127"]
[EventDate "2023.??.??"]
[EventCountry "BRA"]
[TimeControl "90+30"]
[WhiteClock "0:09:14"]
[BlackClock "0:04:59"]

{[%evp 23,127,32,46,36,34,35,39,22,30,0,3,10,13,-97,0,-28,0,0,0,-10,0,-1,0,-1,
-2,-2,-1,-1,0,0,0,0,13,-3,53,58,92,97,152,164,146,159,159,162,114,6,483,464,
475,475,472,468,468,446,500,500,499,498,470,453,503,502,500,500,486,472,493,
494,648,648,648,648,648,648,613,625,9605,9605,9605,3653,20000,20000,20000,
20000,20000,20000,20000,20000,9605,9605,9605,9605,9605,3403,3463,3408,3600,
3612,29981,29982,29982,29983,29982,29983,29981,29982]} 1. d4 {[%emt 0:00:00]}
d5 {[%emt 0:00:00]} 2. c4 {[%emt 0:00:00]} e6 {[%emt 0:00:00]} 3. Nc3 {[%emt 0:
00:00]} c5 {[%emt 0:00:00]} 4. e3 {[%emt 0:00:00]} Nf6 {[%emt 0:00:00]} 5. Nf3
{[%emt 0:00:00]} a6 {[%emt 0:00:00]} 6. cxd5 {[%emt 0:00:00]} exd5 {[%emt 0:00:
00]} 7. Be2 {[%emt 0:00:00]} Nc6 {[%emt 0:00:00]} 8. O-O {[%emt 0:00:00]} Bd6 {
[%emt 0:00:00]} 9. dxc5 {[%emt 0:00:00]} Bxc5 {[%emt 0:00:00]} 10. a3 {[%emt 0:
00:00]} O-O {[%emt 0:00:00]} 11. b4 {[%emt 0:00:00]} Bd6 {[%emt 0:00:00]} 12.
Bb2 {[%emt 0:00:00]} Bg4 {[%emt 0:00:00]} 13. Nd4 {[%emt 0:00:00] D40: Queen's
Gambit Declined: Semi-Tarrasch with 5 e3.} Bd7 {[%emt 0:00:00]} 14. Rc1 {
[%emt 0:00:00]} Re8 {[%emt 0:00:00]} 15. Bf3 {[%emt 0:00:00] White is slightly
better.} Qe7 $146 {[%emt 0:00:00]} ({Predecessor:} 15... Nxd4 16. Qxd4 Be5 17.
Qd2 Bg4 18. Qd1 Qd7 19. Bxg4 Nxg4 {0-1 (39) Leshchenok,S (2185)-Korneev,O 
(2560) Minsk 1998}) 16. g3 {[%emt 0:00:00]} Nxd4 {[%emt 0:00:00]} 17. Qxd4 {
[%emt 0:00:00]} Be5 {[%emt 0:00:00]} 18. Qh4 {[%eval -97,23] [%emt 0:00:00]} (
18. Nxd5 $11 {[%eval 13,32] remains equal.} Nxd5 19. Qxd5) 18... Bc6 {[%eval 0,
30] [%emt 0:00:00]} (18... Qe6 $1 $17 {[%eval -97,23]}) 19. Bg2 {[%emt 0:00:00]
} Rad8 {[%emt 0:00:00]} 20. Rfe1 {[%emt 0:00:00]} h6 {[%emt 0:00:00]} 21. Nd1 {
[%emt 0:00:00]} Kh7 {[%emt 0:01:44] Hoping for ...g5.} 22. Bxe5 {[%emt 0:00:19]
} Qxe5 {[%emt 0:00:01]} 23. Qf4 $1 {[%emt 0:01:07]} Qxf4 {[%emt 0:02:29]} 24.
gxf4 {[%emt 0:00:01]} Ne4 {[%emt 0:00:07]} 25. Nb2 {[%emt 0:02:12]} d4 {
[%emt 0:00:33]} 26. exd4 {[%emt 0:02:19]} Rxd4 {[%emt 0:00:02]} 27. Nc4 {
[%emt 0:04:06]} g5 {[%emt 0:02:06]} 28. fxg5 {[%emt 0:01:01]} Rg8 {[%eval 53,
29] [%emt 0:04:59]} (28... hxg5 $11 {[%eval -3,36]} 29. h3 Kg7) 29. Ne5 $14 {
[%emt 0:02:22]} Nxg5 {[%emt 0:01:15]} 30. Nxc6 {[%emt 0:01:44]} Nf3+ {[%emt 0:
01:56]} 31. Kh1 {[%emt 0:00:24]} Rxg2 {[%emt 0:01:01]} 32. Kxg2 {[%emt 0:00:13]
} Nxe1+ {[%emt 0:00:11]} 33. Rxe1 {[%emt 0:00:01]} bxc6 $18 {[%emt 0:00:01]
[%mdl 4096] Endgame [#] KR-KR} 34. Re7 {[%eval 6,55] [%emt 0:00:39]} (34. Re5
$1 $16 {[%eval 114,26]}) 34... Rd3 $2 {[%eval 483,25] [%emt 0:00:42][%mdl 8192]
} (34... a5 $11 {[%eval 6,55]}) 35. Rxf7+ {[%emt 0:00:07]} Kg6 {[%emt 0:00:00]
[#]} 36. Rf3 $1 {[%emt 0:00:12][%cal Rf3d3]} Rd6 {[%emt 0:01:49]} 37. Rc3 {
[%emt 0:00:02]} Kf5 {[%emt 0:00:28]} 38. Kf3 {[%emt 0:00:57]} Ke6 {[%emt 0:00:
31]} 39. Ke4 {[%emt 0:00:06]} Ke7 {[%emt 0:00:29]} 40. Rc5 {[%emt 0:00:33]} Kd7
{[%emt 0:00:32]} 41. Ra5 {[%emt 0:00:35]} Re6+ {[%emt 0:00:12]} 42. Kf3 {
[%emt 0:00:34]} Rf6+ {[%emt 0:00:29]} 43. Kg2 {[%emt 0:00:01]} Rg6+ {[%emt 0:
00:06]} 44. Kf1 {[%emt 0:00:08]} Kc7 {[%emt 0:01:14]} 45. Rxa6 {[%emt 0:00:13]}
Kb7 {[%emt 0:00:27] [#]} 46. b5 $1 {[%emt 0:00:15]} Rg5 {[%emt 0:00:31]} (46...
cxb5 47. Rxg6) 47. Rxc6 {[%emt 0:00:02]} Rxb5 {[%emt 0:00:11]} 48. Rxh6 {
[%emt 0:00:08]} Ra5 {[%emt 0:00:13]} 49. Rh3 {[%emt 0:00:10]} Ra4 {[%emt 0:00:
17]} 50. Rc3 {[%emt 0:00:07]} Kb6 {[%emt 0:00:37]} 51. h3 {[%emt 0:00:27]} Kb5
{[%emt 0:00:13]} 52. Kg2 {[%emt 0:00:08]} Ra7 {[%emt 0:00:08]} 53. h4 {[%emt 0:
00:21]} Rg7+ {[%emt 0:00:10]} 54. Kh3 {[%emt 0:00:29]} Rf7 {[%emt 0:00:11]} 55.
f3 {[%emt 0:00:13]} Rh7 {[%emt 0:00:15]} 56. f4 {[%emt 0:00:08]} Rf7 {[%emt 0:
00:06]} 57. Kg4 {[%emt 0:00:05]} Rg7+ {[%emt 0:00:06]} 58. Kf5 {[%emt 0:00:10]}
Rf7+ {[%emt 0:00:09]} 59. Ke5 {[%emt 0:00:18]} Rh7 {[%emt 0:00:12]} 60. f5 {
[%emt 0:00:32]} Rxh4 {[%emt 0:00:04]} 61. f6 {[%emt 0:00:11] White mates.} Rh5+
{[%emt 0:00:03]} 62. Ke6 {[%emt 0:00:10]} Rh6 {[%emt 0:00:47]} 63. Ke7 {
[%emt 0:00:12]} Rh2 {[%emt 0:00:24]} 64. Re3 {[%emt 0:00:14] Accuracy: White =
73%, Black = 57%.} 1-0